| 000 | 00774nam a2200205 i 4500 | ||
|---|---|---|---|
| 001 | 187077 | ||
| 003 | SpMaBN | ||
| 005 | 20230906222818.0 | ||
| 008 | 170410s1986 sp b |||| | spa d | ||
| 020 | _a84-600-4085-2 | ||
| 080 | _a332.334(460.35):63 | ||
| 100 | 1 |
_aReguera Rodríguez, Antonio T. _995935 |
|
| 245 | 1 | 0 |
_aTransformación del espacio y política de colonización _b: el Bajo Guadalquivir / _cAntonio Reguera Rodríguez. |
| 260 |
_aLeón : _bDiputación Provincial : _bUniversidad, Secretariado de Publicaciones, _c[1986] |
||
| 300 |
_a199 p. : _bmapas ; _c21 cm. |
||
| 504 | _aBibliografía: p. 193-199. | ||
| 650 | 7 |
_aColonización agraria- _zGuadalquivir (España, Valle) _9162334 |
|
| 710 | 2 |
_aUniversidad de León. _97200 |
|
| 852 |
_aES-MaACL _jL-31398 |
||
| 999 |
_c187077 _d187077 |
||